[Event "Schweinfurt op 29th"]
[Site "Schweinfurt"]
[Date "2019.06.20"]
[Round "1"]
[White "Maar, Felicitas"]
[Black "Schmitz, Wolfgang"]
[Result "0-1"]
[WhiteElo "1609"]
[BlackElo "2017"]
[PlyCount "58"]
[EventDate "2019.06.20"]
[EventType "swiss"]
[EventRounds "7"]
[EventCountry "GER"]
[SourceTitle "CBM 191 Extra"]
[Source "ChessBase"]
[SourceDate "2019.09.30"]
[SourceVersion "1"]
[SourceVersionDate "2019.09.30"]
[SourceQuality "1"]

1. e4 e6 2. d4 d5 3. Nd2 c5 4. c3 Nc6 5. Bb5 Bd7 6. Bxc6 Bxc6 7. e5 cxd4 8. cxd4 Rc8 9. Ne2 f6 10. Nf3 fxe5 11. Nxe5 Bb4+ 12. Bd2 Bxd2+ 13. Qxd2 Nf6 14. Ng3 0-0 15. 0-0 h5 16. Rfe1 h4 17. Ng6 hxg3 18. Nxf8 gxh2+ 19. Kxh2 Qd6+ 20. g3 Rxf8 21. f3 Nh5 22. Qf2 Rf5 23. Rg1 e5 24. dxe5 Rxe5 25. Rae1 Qh6 26. Rh1 Nxg3+ 27. Kxg3 Rg5+ 28. Kf4 Rh5+ 29. Kg4 Qg5# 0-1

[Event "Regionalliga NW 1617"]
[Site "Bayern"]
[Date "2016.10.16"]
[Round "1.4"]
[White "Schmitz, Wolfgang"]
[Black "Strobel, Walter"]
[Result "0-1"]
[WhiteElo "1759"]
[BlackElo "1996"]
[PlyCount "120"]
[EventDate "2016.10.16"]
[EventType "team-tourn"]
[EventRounds "9"]
[EventCountry "GER"]
[SourceTitle "EXT 2019"]
[Source "ChessBase"]
[SourceDate "2018.10.10"]
[SourceVersion "1"]
[SourceVersionDate "2018.10.10"]
[SourceQuality "1"]
[WhiteTeam "Prichsenstadt"]
[BlackTeam "Klingenberg/Main"]
[WhiteTeamCountry "GER"]
[BlackTeamCountry "GER"]

1. e4 c5 2. Nf3 Nf6 3. Nc3 e6 4. e5 Nd5 5. Ne4 Nc6 6. c4 Nc7 7. d4 cxd4 8. Bg5 Be7 9. Nd6+ Kf8 10. Bxe7+ Qxe7 11. Bd3 Nxe5 12. Nxe5 Qxd6 13. f4 Qb4+ 14. Qd2 Qxd2+ 15. Kxd2 Na6 16. a3 Nc5 17. Bc2 d6 18. Nf3 d3 19. Bd1 a5 20. Ne1 Bd7 21. Nxd3 Nxd3 22. Kxd3 Bc6 23. Bf3 Bxf3 24. gxf3 g6 25. b4 axb4 26. axb4 Ke7 27. Ra5 Rxa5 28. bxa5 Kd7 29. Kd4 Ra8 30. Rb1 Kc7 31. Rb5 f6 32. h4 h5 33. Kc3 Rg8 34. Kd4 Rd8 35. Ke4 Rd7 36. Rb6 Rd8 37. Rb5 Re8 38. Rb6 Ra8 39. Rb5 Ra6 40. Kd4 Rc6 41. Rb1 e5+ 42. fxe5 dxe5+ 43. Kd5 Rd6+ 44. Kc5 Ra6 45. Kb5 f5 46. Re1 Kd6 47. Rd1+ Ke7 48. Re1 Kf6 49. Rd1 e4 50. f4 Ke7 51. c5 Re6 52. Kc4 e3 53. Re1 Kd7 54. Kd3 Kc6 55. Ke2 Kxc5 56. Rb1 b5 57. axb6 Rxb6 58. Rc1+ Kd4 59. Rc2 Rb4 60. Ra2 Ke4 0-1

[Event "Regionalliga NW 1415"]
[Site "Bayern"]
[Date "2015.02.22"]
[Round "7.5"]
[White "Schmitz, Wolfgang"]
[Black "Hefter, Franz"]
[Result "1/2-1/2"]
[WhiteElo "1762"]
[BlackElo "1804"]
[PlyCount "120"]
[EventDate "2014.10.19"]
[EventType "team-tourn"]
[EventRounds "9"]
[EventCountry "GER"]
[SourceTitle "EXT 2018"]
[Source "ChessBase"]
[SourceDate "2017.10.13"]
[SourceVersion "1"]
[SourceVersionDate "2017.10.13"]
[SourceQuality "1"]
[WhiteTeam "Prichsenstadt"]
[BlackTeam "Aschaffenburg Schweinheim"]
[WhiteTeamCountry "GER"]
[BlackTeamCountry "GER"]

1. e4 c6 2. d4 d5 3. Nc3 dxe4 4. Nxe4 Bf5 5. Ng3 Bg6 6. Nf3 Nd7 7. Be2 e6 8. 0-0 Bd6 9. c4 h6 10. b3 Ngf6 11. Bb2 Qc7 12. Rc1 0-0 13. Bd3 Bxd3 14. Qxd3 Rad8 15. Qe2 Rfe8 16. Ne5 c5 17. Nxd7 Nxd7 18. dxc5 Nxc5 19. Rcd1 Bf8 20. Nh5 Rxd1 21. Rxd1 Rd8 22. Rxd8 Qxd8 23. g3 Qd3 24. Qxd3 Nxd3 25. Bd4 a6 26. Be3 e5 27. Kf1 f6 28. Ke2 Nb4 29. a4 Kf7 30. g4 Nc6 31. Kd3 Ke6 32. Ng3 g6 33. Ne4 f5 34. gxf5+ gxf5 35. Nc5+ Bxc5 36. Bxc5 e4+ 37. Kc3 Ke5 38. b4 h5 39. b5 axb5 40. cxb5 Nd8 41. a5 Ne6 42. Bb6 Kd5 43. a6 bxa6 44. bxa6 Kc6 45. a7 Kb7 46. Kc4 Ng5 47. Be3 Nh3 48. Kd5 f4 49. Bc5 Ng5 50. h4 Nf3 51. Kxe4 Nxh4 52. Kxf4 Ng6+ 53. Kf5 Nh4+ 54. Kg5 Ng2 55. Be3 h4 56. Kg4 Ne1 57. Kxh4 Nd3 58. f3 Ne5 59. f4 Ng6+ 60. Kg4 Nxf4 1/2-1/2

[Event "Schweinfurt op 23rd"]
[Site "Schweinfurt"]
[Date "2013.06.01"]
[Round "4"]
[White "Haeusler, Luis"]
[Black "Schmitz, Wolfgang"]
[Result "0-1"]
[WhiteElo "1428"]
[BlackElo "2070"]
[PlyCount "78"]
[EventDate "2013.05.30"]
[EventType "swiss"]
[EventRounds "7"]
[EventCountry "GER"]
[SourceTitle "CBM 154 Extra"]
[Source "ChessBase"]
[SourceDate "2013.06.25"]
[SourceVersion "2"]
[SourceVersionDate "2013.06.25"]
[SourceQuality "1"]

1. e4 e5 2. f4 exf4 3. Nf3 d6 4. Bc4 Be6 5. Bxe6 fxe6 6. d4 Nc6 7. Bxf4 h6 8. 0-0 Nf6 9. Nc3 Be7 10. Qe1 g5 11. d5 gxf4 12. dxc6 bxc6 13. e5 Nd5 14. Nxd5 cxd5 15. Nd4 Bh4 16. Qe2 0-0 17. Nxe6 Qe7 18. Qg4+ Kh7 19. Nxf8+ Rxf8 20. Rxf4 Rxf4 21. Qxf4 dxe5 22. Qf5+ Kg7 23. g3 Bf6 24. Rf1 c6 25. Qg4+ Kh7 26. c4 d4 27. Qe4+ Kg7 28. Qxc6 e4 29. Rf4 e3 30. Re4 Qf7 31. Rg4+ Bg5 32. Qg2 d3 33. Qf1 Qe6 34. Qf3 e2 35. Re4 e1Q+ 36. Rxe1 Qxe1+ 37. Qf1 d2 38. c5 Qxf1+ 39. Kxf1 d1Q+ 0-1

[Event "Schweinfurt op 23rd"]
[Site "Schweinfurt"]
[Date "2013.05.30"]
[Round "1"]
[White "Schmitz, Wolfgang"]
[Black "Roth, Jakob"]
[Result "1-0"]
[WhiteElo "2070"]
[BlackElo "1582"]
[PlyCount "75"]
[EventDate "2013.05.30"]
[EventType "swiss"]
[EventRounds "7"]
[EventCountry "GER"]
[SourceTitle "CBM 154 Extra"]
[Source "ChessBase"]
[SourceDate "2013.06.25"]
[SourceVersion "2"]
[SourceVersionDate "2013.06.25"]
[SourceQuality "1"]

1. e4 c6 2. d4 d5 3. Nc3 dxe4 4. Nxe4 Bf5 5. Ng3 Bg6 6. Nf3 Nf6 7. Bd3 Bxd3 8. Qxd3 e6 9. 0-0 Nbd7 10. Re1 Bd6 11. Nf5 Bf8 12. Bf4 Qb6 13. c4 0-0-0 14. Nd6+ Bxd6 15. Bxd6 c5 16. Bg3 cxd4 17. c5 Nxc5 18. Rec1 Nfd7 19. Qxd4 f6 20. b4 e5 21. bxc5 Qc6 22. Qc4 h5 23. h4 g5 24. hxg5 fxg5 25. Nxe5 Nxe5 26. Bxe5 Rhe8 27. Bd6 h4 28. Qg4+ Rd7 29. Re1 Rh8 30. Re7 h3 31. Rae1 Qxg2+ 32. Qxg2 hxg2 33. Re8+ Rd8 34. Rxh8 Rxh8 35. Re7 Rh1+ 36. Kxg2 Ra1 37. Rc7+ Kb8 38. Rc6+ 1-0

[Event "Unterfranken-ch M2 62th"]
[Site "Gerolzhofen"]
[Date "2011.04.29"]
[Round "7"]
[White "Schmitz, Wolfgang"]
[Black "Amtmann, Florian"]
[Result "0-1"]
[WhiteElo "1843"]
[BlackElo "2000"]
[PlyCount "76"]
[EventDate "2011.04.25"]
[EventType "swiss"]
[EventRounds "9"]
[EventCountry "GER"]
[SourceTitle "EXT 2015"]
[Source "ChessBase"]
[SourceDate "2014.11.20"]
[SourceVersion "1"]
[SourceVersionDate "2014.11.20"]
[SourceQuality "1"]

1. e4 c5 2. Nf3 d6 3. d4 cxd4 4. Nxd4 Nf6 5. Nc3 a6 6. Bc4 e6 7. Bb3 Nc6 8. Be3 Na5 9. 0-0 Qc7 10. f4 Be7 11. Qf3 0-0 12. f5 Nxb3 13. cxb3 b5 14. g4 b4 15. g5 bxc3 16. gxf6 Bxf6 17. Rac1 Qb7 18. bxc3 Bd7 19. c4 a5 20. a4 Bc6 21. Nxc6 Qxc6 22. Rfd1 Rab8 23. c5 dxc5 24. Bxc5 Rfc8 25. Be3 Qa6 26. Bf4 e5 27. Bd2 Be7 28. Qf1 Bc5+ 29. Kh1 Qa8 30. Qf3 Rxb3 31. Qg4 f6 32. Bh6 Bf8 33. Rg1 Rxc1 34. Rxc1 Rb4 35. Rc7 Qxe4+ 36. Qxe4 Rxe4 37. Bd2 Rxa4 38. Ra7 Ra1+ 0-1

[Event "Regionalliga NW 0910"]
[Site "Bayern"]
[Date "2009.11.15"]
[Round "2.4"]
[White "Posske, Thore"]
[Black "Schmitz, Wolfgang"]
[Result "1-0"]
[WhiteElo "1988"]
[BlackElo "1809"]
[PlyCount "79"]
[EventDate "2009.10.18"]
[EventType "team-tourn"]
[EventRounds "9"]
[EventCountry "GER"]
[SourceTitle "EXT 2011"]
[Source "ChessBase"]
[SourceDate "2010.11.26"]
[SourceVersion "1"]
[SourceVersionDate "2010.11.26"]
[SourceQuality "1"]
[WhiteTeam "Wuerzburg II"]
[BlackTeam "Prichsenstadt"]
[WhiteTeamCountry "GER"]
[BlackTeamCountry "GER"]

1. d4 d5 2. Nf3 Nf6 3. c4 e6 4. Nc3 Nbd7 5. Bf4 c6 6. e3 Be7 7. h3 0-0 8. Bd3 dxc4 9. Bxc4 Nd5 10. Bh2 f5 11. 0-0 N7f6 12. Ne5 Bd6 13. Rc1 a6 14. Qe2 Qc7 15. Kh1 Nd7 16. Nxd5 exd5 17. Bxd5+ Kh8 18. Nf7+ Rxf7 19. Bxd6 Qxd6 20. Bxf7 Nf6 21. Bc4 Bd7 22. Bd3 Re8 23. Qc2 Ne4 24. Bxe4 fxe4 25. f3 Bf5 26. Qc5 Qxc5 27. Rxc5 g6 28. g4 Bd7 29. fxe4 Rxe4 30. Rf8+ Kg7 31. Rb8 Rxe3 32. Rxb7 Re7 33. Kg1 Kf6 34. Kf2 h6 35. Ra5 Bc8 36. Rxe7 Kxe7 37. Ke3 Kd6 38. Kf4 g5+ 39. Ke4 Bb7 40. Kf5 1-0

[Event "Unterfranken-ch M2 57th"]
[Site "Prichsenstadt"]
[Date "2006.04.21"]
[Round "7"]
[White "Schmitz, Wolfgang"]
[Black "Kunz, Konstantin"]
[Result "0-1"]
[WhiteElo "1859"]
[BlackElo "2137"]
[PlyCount "80"]
[EventDate "2006.04.17"]
[EventType "swiss"]
[EventRounds "9"]
[EventCountry "GER"]
[SourceTitle "EXT 2015"]
[Source "ChessBase"]
[SourceDate "2014.11.20"]
[SourceVersion "1"]
[SourceVersionDate "2014.11.20"]
[SourceQuality "1"]

1. e4 c5 2. Nf3 b6 3. d4 cxd4 4. Nxd4 Bb7 5. Nc3 a6 6. Be3 e6 7. Be2 Qc7 8. f4 Bb4 9. Qd3 Nf6 10. Bf3 0-0 11. 0-0 Bxc3 12. bxc3 d5 13. e5 Ne4 14. Ne2 Rc8 15. Bd4 Nc6 16. Rab1 Nxd4 17. cxd4 b5 18. Rbc1 b4 19. Bg4 g6 20. h4 a5 21. h5 Ba6 22. Qe3 Bxe2 23. Bxe2 Qc3 24. Bd3 Rc4 25. Rf3 Rxd4 26. hxg6 fxg6 27. Bxe4 Qxe3+ 28. Rxe3 dxe4 29. a3 Rc8 30. axb4 axb4 31. Rb3 e3 32. Rxe3 Rxf4 33. Rb3 Rc5 34. Rcb1 Rcc4 35. Kh2 Kg7 36. R1b2 h5 37. g3 Rf2+ 38. Kh3 g5 39. Rxb4 Rxb4 40. Rxb4 g4+ 0-1

[Event "Unterfranken-ch M2 57th"]
[Site "Prichsenstadt"]
[Date "2006.04.18"]
[Round "2"]
[White "Pfarr, Michael"]
[Black "Schmitz, Wolfgang"]
[Result "1/2-1/2"]
[WhiteElo "1846"]
[BlackElo "1859"]
[PlyCount "76"]
[EventDate "2006.04.17"]
[EventType "swiss"]
[EventRounds "9"]
[EventCountry "GER"]
[SourceTitle "EXT 2015"]
[Source "ChessBase"]
[SourceDate "2014.11.20"]
[SourceVersion "1"]
[SourceVersionDate "2014.11.20"]
[SourceQuality "1"]

1. e4 e5 2. Nf3 Nc6 3. Bc4 Bc5 4. c3 Nf6 5. d3 d6 6. b4 Bb6 7. 0-0 Be6 8. Bxe6 fxe6 9. Qb3 Qd7 10. a4 a6 11. Be3 h6 12. Bxb6 cxb6 13. Nbd2 0-0 14. d4 exd4 15. cxd4 d5 16. Rfe1 b5 17. e5 Nh5 18. axb5 axb5 19. Qc3 Qe7 20. Qc5 Ra4 21. Rxa4 bxa4 22. b5 Qxc5 23. dxc5 Nb4 24. Ra1 Ra8 25. Nd4 Nf4 26. c6 bxc6 27. bxc6 Nfd3 28. c7 a3 29. Rxa3 Rc8 30. Ra7 Nxe5 31. Nxe6 Kf7 32. Nd4 Nec6 33. Nxc6 Nxc6 34. Rb7 Ke6 35. Nb3 Kd6 36. f4 Rxc7 37. Rxc7 Kxc7 38. Kf2 Kd6 1/2-1/2

[Event "Unterfranken-ch M2 57th"]
[Site "Prichsenstadt"]
[Date "2006.04.18"]
[Round "3"]
[White "Schmitz, Wolfgang"]
[Black "Basel, Matthias"]
[Result "1/2-1/2"]
[WhiteElo "1859"]
[BlackElo "2005"]
[PlyCount "55"]
[EventDate "2006.04.17"]
[EventType "swiss"]
[EventRounds "9"]
[EventCountry "GER"]
[SourceTitle "EXT 2015"]
[Source "ChessBase"]
[SourceDate "2014.11.20"]
[SourceVersion "1"]
[SourceVersionDate "2014.11.20"]
[SourceQuality "1"]

1. e4 g6 2. d4 Bg7 3. Nf3 d6 4. c4 Nf6 5. Nc3 0-0 6. Be2 e5 7. d5 a5 8. 0-0 Na6 9. Ne1 Nc5 10. f3 Nh5 11. Nd3 Nxd3 12. Bxd3 f5 13. Be3 Rf7 14. c5 Nf4 15. Kh1 dxc5 16. Bxc5 b6 17. Be3 Nxd3 18. Qxd3 Ba6 19. Qd2 Bxf1 20. Rxf1 fxe4 21. Nxe4 Rd7 22. Rd1 Qf8 23. a3 h6 24. h3 Kh7 25. Qc2 Rad8 26. d6 cxd6 27. Bxb6 Rb8 28. Bc5 1/2-1/2

[Event "Godesburg op 3rd"]
[Site "Bonn"]
[Date "1999.06.22"]
[Round "4"]
[White "Rohde, Ulrich"]
[Black "Schmitz, Wolfgang"]
[Result "1-0"]
[WhiteElo "2296"]
[BlackElo "1967"]
[PlyCount "75"]
[EventDate "1999.06.18"]
[EventType "swiss"]
[EventRounds "9"]
[EventCountry "GER"]
[SourceTitle "EXT 2008"]
[Source "ChessBase"]
[SourceDate "2007.11.25"]
[SourceVersion "1"]
[SourceVersionDate "2007.11.25"]
[SourceQuality "1"]

1. Nf3 Nf6 2. c4 c5 3. Nc3 Nc6 4. d4 cxd4 5. Nxd4 d6 6. g3 Bd7 7. Bg2 g6 8. Nc2 Bg7 9. b3 0-0 10. 0-0 a6 11. Bb2 Rb8 12. Nd5 Nxd5 13. Bxg7 Kxg7 14. cxd5 Ne5 15. h3 f5 16. Qd4 Rf6 17. f4 Nf7 18. Rac1 Kg8 19. Ne3 Rc8 20. Nc4 g5 21. Qb6 gxf4 22. gxf4 Rc7 23. Na5 Rxc1 24. Qxd8+ Nxd8 25. Rxc1 Bb5 26. Kf2 Rf8 27. a4 Be8 28. Rc8 Bf7 29. Rb8 e5 30. dxe6 Bxe6 31. Nxb7 Nxb7 32. Rxb7 Rd8 33. b4 Bb3 34. a5 d5 35. b5 axb5 36. a6 b4 37. a7 Ra8 38. Rb8+ 1-0

[Event "Bad Woerishofen op 14th"]
[Site "Bad Woerishofen"]
[Date "1998.??.??"]
[Round "4"]
[White "Schaffarth, Marianne"]
[Black "Schmitz, Wolfgang"]
[Result "0-1"]
[WhiteElo "2065"]
[BlackElo "1845"]
[PlyCount "106"]
[EventDate "1998.03.06"]
[EventType "swiss"]
[EventRounds "9"]
[EventCountry "GER"]
[SourceTitle "CBM 063 Extra"]
[Source "ChessBase"]
[SourceDate "1998.04.29"]
[SourceVersion "1"]
[SourceVersionDate "1998.04.29"]
[SourceQuality "1"]

1. e4 e5 2. d4 exd4 3. Qxd4 Nc6 4. Qe3 Bb4+ 5. Nc3 d6 6. Bd2 Nf6 7. 0-0-0 0-0 8. f3 Be6 9. Kb1 a6 10. g4 b5 11. g5 Nh5 12. Bh3 Qd7 13. f4 Nxf4 14. Qxf4 Bxh3 15. Nxh3 Qxh3 16. Rdg1 Ne5 17. Rg3 Qe6 18. Nd5 Bxd2 19. Qxd2 Rac8 20. Rf1 Kh8 21. Qe2 c6 22. Nf4 Qc4 23. Rd1 Qxe2 24. Nxe2 Rfe8 25. Nf4 Nc4 26. b3 Rxe4 27. bxc4 Rxf4 28. Rxd6 Rxc4 29. Rd7 Rf4 30. Rgd3 g6 31. Ra7 Kg7 32. Rdd7 Rf8 33. Rxa6 Rg4 34. h4 Rxh4 35. Rxc6 h5 36. gxh6+ Kxh6 37. Rb7 b4 38. Kb2 f5 39. Rbb6 Rg8 40. Rb5 Kg5 41. Rbb6 Re4 42. Rf6 f4 43. Kc1 Kh5 44. Rbd6 g5 45. Rd7 Kg4 46. Rd1 Kf3 47. Rd3+ Kf2 48. Rd2+ Re2 49. Rd4 Rc8 50. Rxb4 Rcxc2+ 51. Kb1 Rxa2 52. Rg6 Rad2 53. Kc1 Ke1 0-1

[Event "Bad Woerishofen op 14th"]
[Site "Bad Woerishofen"]
[Date "1998.??.??"]
[Round "7"]
[White "Schmitz, Wolfgang"]
[Black "Weisshaupt, Rainer"]
[Result "1/2-1/2"]
[WhiteElo "1860"]
[BlackElo "2120"]
[PlyCount "99"]
[EventDate "1998.03.06"]
[EventType "swiss"]
[EventRounds "9"]
[EventCountry "GER"]
[SourceTitle "CBM 063 Extra"]
[Source "ChessBase"]
[SourceDate "1998.04.29"]
[SourceVersion "1"]
[SourceVersionDate "1998.04.29"]
[SourceQuality "1"]

1. e4 e5 2. Nf3 Nf6 3. Bc4 Nc6 4. d3 Bc5 5. 0-0 d6 6. h3 0-0 7. Bg5 Na5 8. Nbd2 c6 9. c3 b5 10. b4 bxc4 11. bxc5 cxd3 12. Nb3 Nxb3 13. axb3 d5 14. Qxd3 dxe4 15. Qxd8 Rxd8 16. Nxe5 Rd5 17. Nxc6 Rxg5 18. Ne7+ Kf8 19. Nxc8 Rxc8 20. Rxa7 Rgxc5 21. c4 R8c7 22. Ra8+ Rc8 23. Ra7 Rb8 24. Rd1 g6 25. Rd6 Kg7 26. Raa6 Ne8 27. Rdb6 Rxb6 28. Rxb6 Kf8 29. f3 exf3 30. gxf3 Ke7 31. Kf2 Nd6 32. Kg3 Rc7 33. Kf4 Rb7 34. Rxb7+ Nxb7 35. b4 Ke6 36. Kg5 h5 37. c5 Ke5 38. f4+ Ke6 39. h4 Ke7 40. f5 gxf5 41. Kxf5 Nd8 42. Kg5 Nc6 43. b5 Nd4 44. b6 Ne6+ 45. Kxh5 Nxc5 46. Kg5 Ne6+ 47. Kf5 Nd4+ 48. Ke4 Nc6 49. Kf5 Nd4+ 50. Ke4 1/2-1/2